000 00548aam a2200229 4500
005 20241016142847.0
008 150619b xxu||||| |||| 00| 0 spa d
020 _a9788425348846
041 _aESP
082 _a823.91 J27c9
100 _aJames, E.L.
245 _aCincuenta sombras más oscuras
250 _a9 edición
260 _aEspaña
260 _bGrijalbo
260 _c2012
300 _a589 páginas
440 _aCincuenta sombras de Grey
650 _aLITERATURA INGLESA
650 _aNOVELA INGLESA
942 _cLIT
_2ddc
999 _c2969
_d2969